[Event "HB Global Chess Challenge"]
[Site "?"]
[Date "2005.05.22"]
[Round "9.11"]
[White "Antonio Rogelio jr"]
[Black "Motylev Alexander"]
[Result "1/2-1/2"]
[WhiteElo "2639"]
[BlackElo "2780"]
[PlyCount "80"]
[EventDate "2005.??.??"]
[Source "www.chesslib.no"]
[SourceDate "2004.05.04"]

1. e4 c5 2. c3 d5 3. exd5 Qxd5 4. d4 Nf6 5. Be3 Bg4 6. f3 cxd4 7. cxd4 Bd7 8. Nc3 Qa5 9. Bc4 e6 10. Nge2 Bc6 11. a3 Bd6 12. Rc1 O-O 13. O-O Nbd7 14. Qe1 Qd8 15. Bd3 Re8 16. Ne4 Be7 17. N2c3 Nb6 18. Bf2 Nbd5 19. Bb1 Rc8 20. Qe2 Nxc3 21. Nxc3 Nd5 22. Nxd5 Bxd5 23. Rxc8 Qxc8 24. Qd2 Bd6 25. Bg3 Bxg3 26. hxg3 Qc7 27. Qc2 Qxg3 28. Qxh7+ Kf8 29. Be4 Rd8 30. Rd1 Ke7 31. Qh2 Qg5 32. Qc7+ Rd7 33. Qc5+ Kf6 34. Qc3 Qf4 35. Re1 Rc7 36. Qd3 Rc1 37. Qe2 Bxe4 38. fxe4 Rxe1+ 39. Qxe1 Kg5 40. Kh1 f5 1/2-1/2

[Event "Amber-blind 7th"]
[Site "Monte Carlo"]
[Date "1998.03.22"]
[Round "9"]
[White "Lautier, Joel"]
[Black "Topalov, Veselin"]
[Result "0-1"]
[WhiteElo "2645"]
[BlackElo "2740"]
[PlyCount "128"]
[EventDate "1998.03.13"]
[Source "ChessBase"]
[SourceDate "1998.04.29"]

1. e4 c5 2. c3 d5 3. exd5 Qxd5 4. Nf3 Nf6 5. d4 Bg4 6. Be2 e6 7. h3 Bh5 8. O-O Nc6 9. Be3 cxd4 10. cxd4 Be7 11. Nc3 Qd6 12. Qb3 O-O 13. Rfd1 Rfd8 14. a3 a6 15. Na4 Nd5 16. Nc5 b6 17. Nb7 Na5 18. Nxa5 bxa5 19. Qa4 Rab8 20. Rd2 Qc7 21. Rc2 Qb6 22. Qc4 Bg6 23. Rd2 Ra8 24. Rc1 Bd6 25. Qc6 Rdb8 26. Ne5 Qd8 27. Qd7 Nxe3 28. fxe3 Bxe5 29. dxe5 Qxd7 30. Rxd7 Rxb2 31. Bf3 Rab8 32. Rc5 R2b5 33. Rb7 R5xb7 34. Bxb7 Bd3 35. Rc7 g5 36. Kf2 Kg7 37. Kg3 a4 38. h4 gxh4+ 39. Kxh4 Rd8 40. Kg3 Bb5 41. Bf3 Rd3 42. Kf4 Rxa3 43. Bh5 Be8 44. Ra7 Rc3 45. Rxa6 a3 46. e4 Bc6 47. Ra7 Rc4 48. Bxf7 Rxe4+ 49. Kg3 Ra4 50. Rxa4 Bxa4 51. Bxe6 Kf8 52. Ba2 Ke7 53. e6 Kf6 54. Kf4 Bc6 55. g4 h6 56. g5+ hxg5+ 57. Kg4 Bb7 58. e7 Bc8+ 59. Kh5 Bd7 60. Bb1 g4 61. e8=Q Bxe8+ 62. Kxg4 Bg6 63. Ba2 Bf7 64. Bb1 Ke5 0-1

[Event "Moscow ol (Men)"]
[Site "Moscow"]
[Date "1994.??.??"]
[Round "4"]
[White "Ljubojevic, Ljubomir"]
[Black "Kasparov, Garry"]
[Result "1/2-1/2"]
[WhiteElo "2580"]
[BlackElo "2805"]
[PlyCount "56"]
[EventDate "1994.11.??"]
[Source "ChessBase"]

1. e4 c5 2. c3 d5 3. exd5 Qxd5 4. d4 Nf6 5. Nf3 Bg4 6. Be2 e6 7. O-O Nc6 8. h3 Bh5 9. Be3 cxd4 10. cxd4 Be7 11. Nc3 Qd6 12. Nb5 Qb8 13. Ne5 Bxe2 14. Qxe2 O-O 15. Nxc6 bxc6 16. Nc3 Nd5 17. Nxd5 cxd5 18. Rac1 Qb6 19. Rc2 Bf6 20. Qd3 a5 21. Rfc1 a4 22. Qd2 h6 23. Rc5 Rab8 24. R1c2 Qb4 25. Qd3 Qe1+ 26. Qf1 Qb4 27. Qd3 Qe1+ 28. Qf1 Qb4 1/2-1/2

[Event "BL"]
[Site "BL"]
[Date "1996.??.??"]
[Round "?"]
[White "Rozentalis, Eduardas"]
[Black "Kramnik, Vladimir"]
[Result "1/2-1/2"]
[WhiteElo "2605"]
[BlackElo "2775"]
[PlyCount "60"]
[EventDate "1996.??.??"]
[Source "www.chesslib.no"]
[SourceDate "2004.05.04"]

1. e4 c5 2. c3 d5 3. exd5 Qxd5 4. d4 Nf6 5. Nf3 Bg4 6. Be2 e6 7. h3 Bh5 8. c4 Qd8 9. Nc3 cxd4 10. Nxd4 Bxe2 11. Qa4+ Nbd7 12. Ndxe2 Be7 13. O-O O-O 14. Rd1 Qc8 15. Be3 Nb6 16. Bxb6 axb6 17. Qb3 Qc7 18. Rac1 g5 19. Nb5 Qxc4 20. Ng3 Bb4 21. a3 Be7 22. Qa4 Qf4 23. Nc7 Ne4 24. Rb1 Qf3 25. Qxa8 Nxf2 26. Qxb7 Bxa3 27. Qb8 Ng4 28. Qxb6 e5 29. Qf6 Qa8 30. Rdc1 Bd6 1/2-1/2

[Event "Deutschland"]
[Site "?"]
[Date "1995.??.??"]
[Round "?"]
[White "Rozentalis, E."]
[Black "Kramnik, Vladimir"]
[Result "1/2-1/2"]
[WhiteElo "2610"]
[BlackElo "2730"]
[PlyCount "60"]
[EventDate "1995.??.??"]
[Source "ChessBase"]
[SourceDate "1996.02.01"]

1. e4 c5 2. c3 d5 3. exd5 Qxd5 4. d4 Nf6 5. Nf3 Bg4 6. Be2 e6 7. h3 Bh5 8. c4 Qd8 9. Nc3 cxd4 10. Nxd4 Bxe2 11. Qa4+ Nbd7 12. Ndxe2 Be7 13. O-O O-O 14. Rd1 Qc8 15. Be3 Nb6 16. Bxb6 axb6 17. Qb3 Qc7 18. Rac1 Rfc8 19. Nb5 Qe5 20. Ned4 Bc5 21. a3 Rd8 22. Qc3 Qf4 23. Qf3 Qxf3 24. Nxf3 Ne4 25. Rf1 Rac8 26. b4 Be7 27. Rfd1 Rxd1+ 28. Rxd1 Rxc4 29. Nd2 Nxd2 30. Rxd2 Rc1+ 1/2-1/2

[Event "RUS"]
[Site "?"]
[Date "2006.04.23"]
[Round "4"]
[White "Tiviakov Sergei"]
[Black "Moiseenko Alexander"]
[Result "1/2-1/2"]
[WhiteElo "2669"]
[BlackElo "2662"]
[PlyCount "95"]
[EventDate "2006.??.??"]
[Source "www.chesslib.no"]
[SourceDate "2004.05.04"]

1. e4 c5 2. c3 d5 3. exd5 Qxd5 4. d4 Nf6 5. Na3 cxd4 6. Nb5 Na6 7. Qxd4 Qxd4 8. Nxd4 e5 9. Nb5 Nd5 10. Nf3 f6 11. Be2 Nac7 12. a4 a6 13. Nxc7+ Nxc7 14. O-O Be6 15. Nd2 O-O-O 16. Nc4 Bc5 17. Re1 Nd5 18. Bf1 Ba7 19. a5 Rd7 20. g3 Rhd8 21. Kg2 g5 22. Ra4 h6 23. Be2 Rc7 24. Na3 f5 25. Rc4 e4 26. Rxc7+ Kxc7 27. Bc4 Kd6 28. f3 exf3+ 29. Kxf3 Bd7 30. Bd3 Bc6 31. Bxf5 Nf6+ 32. Ke2 Re8+ 33. Kd2 Ne4+ 34. Kc2 Ba4+ 35. b3 Bxb3+ 36. Kb2 Bd5 37. h4 Re5 38. Bxe4 Rxe4 39. Rxe4 Bxe4 40. hxg5 hxg5 41. Bxg5 Kc6 42. Kb3 Bc5 43. Nc2 Kb5 44. Bd8 Bd5+ 45. Kb2 Kc4 46. g4 Be4 47. g5 Bg6 48. Nd4 1/2-1/2

[Event "Wijk aan Zee"]
[Site "?"]
[Date "1992.??.??"]
[Round "?"]
[White "Salov, V."]
[Black "Gelfand, B."]
[Result "1/2-1/2"]
[WhiteElo "2655"]
[BlackElo "2665"]
[PlyCount "102"]
[EventDate "1992.??.??"]
[Source "ChessBase"]
[SourceDate "1991.10.01"]

1. e4 c5 2. c3 d5 3. exd5 Qxd5 4. d4 Nc6 5. Nf3 Bg4 6. Be2 cxd4 7. cxd4 e6 8. Nc3 Qa5 9. O-O Nf6 10. h3 Bh5 11. a3 Be7 12. Qb3 Qc7 13. d5 Nxd5 14. Nxd5 exd5 15. Qxd5 Bg6 16. Be3 O-O 17. Rac1 Rad8 18. Qb3 Qb8 19. Rfd1 Rxd1+ 20. Rxd1 Rd8 21. Rxd8+ Bxd8 22. Qd5 Bf6 23. b4 Ne7 24. Bxa7 Nxd5 25. Bxb8 Bb2 26. Ne5 Bxa3 27. Nxg6 hxg6 28. b5 Bc5 29. Be5 Ne7 30. Kf1 Nf5 31. Bd3 Nd4 32. h4 f6 33. Bf4 Kf7 34. g3 Ne6 35. Bc1 Nd4 36. Be3 Ne6 37. Bd2 Nd4 38. Kg2 Bd6 39. Bc4+ Ke7 40. g4 Bc5 41. Be3 Ne6 42. Bc1 g5 43. hxg5 Nxg5 44. Bd5 b6 45. f4 Kd6 46. Bc4 Ne4 47. Kf3 Nc3 48. g5 f5 49. Bb2 Bd4 50. Ba3+ Bc5 51. Bb2 Bd4 1/2-1/2

[Event "Amber-blind 3rd"]
[Site "Monte Carlo"]
[Date "1994.??.??"]
[Round "6"]
[White "Kamsky, Gata"]
[Black "Nunn, John DM"]
[Result "1/2-1/2"]
[WhiteElo "2695"]
[BlackElo "2605"]
[PlyCount "64"]
[EventDate "1994.03.??"]
[Source "ChessBase"]

1. e4 c5 2. c3 d5 3. exd5 Qxd5 4. d4 Nf6 5. Nf3 e6 6. Be2 Be7 7. Na3 Nc6 8. Nb5 Qd8 9. dxc5 Bxc5 10. Qxd8+ Kxd8 11. Bf4 Nd5 12. Bg3 a6 13. Nd6 Ke7 14. Ne4 Ba7 15. Bd6+ Kd7 16. Ba3 b5 17. Rd1 Kc7 18. O-O f6 19. c4 bxc4 20. Bxc4 Rd8 21. Rfe1 a5 22. Bxd5 exd5 23. Nc3 Bg4 24. Rxd5 Rxd5 25. Nxd5+ Kb7 26. h3 Bxf3 27. gxf3 Rd8 28. Nf4 Ne5 29. Kg2 Rd2 30. Re2 Rxe2 31. Nxe2 Nd3 32. b3 Nxf2 1/2-1/2

[Event "Las Palmas"]
[Site "Las Palmas"]
[Date "1994.??.??"]
[Round "5"]
[White "Adams, Michael"]
[Black "Topalov, Veselin"]
[Result "1/2-1/2"]
[WhiteElo "2660"]
[BlackElo "2640"]
[PlyCount "121"]
[EventDate "1994.05.??"]
[Source "ChessBase"]

1. e4 c5 2. c3 d5 3. exd5 Qxd5 4. d4 Nf6 5. Nf3 Bg4 6. Be2 e6 7. h3 Bh5 8. Be3 cxd4 9. cxd4 Nc6 10. Nc3 Qd6 11. g4 Bg6 12. Ne5 Be7 13. O-O O-O 14. Bf4 Qd8 15. Bf3 Rc8 16. Nxg6 hxg6 17. Be3 Bd6 18. g5 Nd7 19. d5 exd5 20. Qxd5 Nb6 21. Bxb6 axb6 22. Rfd1 Be5 23. Qxd8 Rfxd8 24. Kg2 Rxd1 25. Rxd1 Rd8 26. Rxd8+ Nxd8 27. Bd5 Kf8 28. Kf3 Bd4 29. Nd1 f6 30. Ke4 Bc5 31. gxf6 gxf6 32. a3 f5+ 33. Kd3 Ke7 34. b4 Bd6 35. Kc4 Kd7 36. Nc3 Nc6 37. Bg2 Bc7 38. Nd5 Bd8 39. Nf4 g5 40. Nd5 Kd6 41. f4 Ne7 42. Nc3 gxf4 43. Nb5+ Ke5 44. Bxb7 f3 45. Bxf3 Nc8 46. Nd4 Nd6+ 47. Kd3 Kf4 48. Bc6 Kg3 49. Bd7 Kxh3 50. Bxf5+ Kg3 51. Bd7 Bh4 52. a4 Kg2 53. Bc6+ Kf1 54. Nc2 Bf2 55. Ne3+ Ke1 56. Ng4 Bg1 57. Bf3 Kf1 58. Bd5 Ke1 59. Bb3 Kf1 60. Ne5 Kg2 61. Nc6 1/2-1/2

[Event "Isle of Lewis"]
[Site "?"]
[Date "1995.??.??"]
[Round "?"]
[White "Short, Nigel D"]
[Black "Polgar, Judit"]
[Result "0-1"]
[WhiteElo "2655"]
[BlackElo "2630"]
[PlyCount "22"]
[EventDate "1995.??.??"]
[Source "www.chesslib.no"]
[SourceDate "2004.05.04"]

1. e4 c5 2. c3 d5 3. exd5 Qxd5 4. d4 Nc6 5. Nf3 Bg4 6. Be2 e6 7. h3 Bh5 8. c4 Qd6 9. g4 Bg6 10. d5 Nb4 11. O-O exd5 0-1

[Event "Calviá ol (Men)"]
[Site "Mallorca"]
[Date "2004.10.20"]
[Round "6.5"]
[White "Tiviakov, Sergei"]
[Black "Sasikiran, Krishnan"]
[Result "1/2-1/2"]
[WhiteElo "2617"]
[BlackElo "2668"]
[PlyCount "55"]
[EventDate "2004.10.15"]
[Source "Roberto Alvarez"]
[SourceDate "2004.10.25"]

1. e4 c5 2. c3 d5 3. exd5 Qxd5 4. d4 Nf6 5. Nf3 Bg4 6. dxc5 Qxc5 7. Na3 Nbd7 8. Be3 Qc8 9. h3 Be6 10. Be2 g6 11. O-O Bg7 12. c4 O-O 13. Nd4 Nc5 14. Nxe6 Nxe6 15. Qc2 Nd7 16. Rad1 Ne5 17. Qc1 Nc6 18. Nc2 Qc7 19. Rd5 a5 20. Rfd1 Rad8 21. Bf1 h5 22. b3 Be5 23. Na3 Bh2+ 24. Kh1 Bf4 25. Nb5 Qb8 26. Nc3 Bxe3 27. Qxe3 Nb4 28. R5d2 1/2-1/2

[Event "Petrosian Mem Open"]
[Site "Yerevan"]
[Date "2004.11.23"]
[Round "5"]
[White "Ivanchuk, Vassily"]
[Black "Areshchenko, Alexander"]
[Result "1-0"]
[WhiteElo "2705"]
[BlackElo "2580"]
[PlyCount "111"]
[EventDate "2004.11.18"]
[Source "Roberto Alvarez"]
[SourceDate "2004.11.29"]

1. e4 c5 2. c3 d5 3. exd5 Qxd5 4. d4 Nf6 5. Nf3 Bg4 6. dxc5 Qxc5 7. h3 Bd7 8. Na3 e6 9. Be3 Qc7 10. Nb5 Bxb5 11. Bxb5+ Nbd7 12. Qa4 a6 13. O-O-O Rd8 14. Bxd7+ Rxd7 15. Bg5 Be7 16. Rhe1 Qc8 17. Ne5 b5 18. Qh4 Rc7 19. Ng4 Nxg4 20. Bxe7 Rxe7 21. hxg4 b4 22. g5 bxc3 23. Qa4+ Kf8 24. b3 h6 25. Qa5 Re8 26. g6 fxg6 27. Rd6 Kg8 28. Rxa6 Qd7 29. Rd1 Qf7 30. Qc5 Kh7 31. Ra7 Qf6 32. Rdd7 Rhg8 33. Rf7 Qd8 34. Qxc3 e5 35. Qc7 Qxc7+ 36. Raxc7 h5 37. a4 Kh6 38. b4 e4 39. Kd2 e3+ 40. fxe3 Re4 41. Rf4 Rd8+ 42. Ke2 Re5 43. b5 Rg5 44. Kf3 Rd2 45. g3 Rb2 46. Rcc4 Re5 47. Rce4 Rxe4 48. Rxe4 g5 49. Rd4 g4+ 50. Ke4 h4 51. gxh4 Kh5 52. Kd5 g3 53. Kc6 g2 54. Rd1 Ra2 55. Rg1 Kxh4 56. b6 1-0

[Event "Novgorod"]
[Site "Novgorod"]
[Date "1995.??.??"]
[Round "3"]
[White "Short, Nigel D"]
[Black "Topalov, Veselin"]
[Result "1/2-1/2"]
[WhiteElo "2655"]
[BlackElo "2630"]
[PlyCount "65"]
[EventDate "1995.05.??"]
[Source "ChessBase"]

1. e4 c5 2. c3 d5 3. exd5 Qxd5 4. d4 Nf6 5. Nf3 Bg4 6. Be2 e6 7. h3 Bh5 8. O-O Nc6 9. a3 Be7 10. c4 Qd8 11. dxc5 Qxd1 12. Rxd1 a5 13. Be3 Ne4 14. Nc3 Nxc3 15. bxc3 Bg6 16. Nd4 O-O-O 17. Nxc6 bxc6 18. Bf3 Bf6 19. Rac1 Rxd1+ 20. Rxd1 Rd8 21. Rxd8+ Kxd8 22. Bxc6 Bxc3 23. Bb5 e5 24. f3 Kc8 25. Kf2 Bb2 26. a4 Bd4 27. Bxd4 exd4 28. Ke2 Kc7 29. Be8 Bb1 30. h4 f6 31. Kd2 h6 32. h5 d3 33. Bb5 1/2-1/2

[Event "Sibenik"]
[Site "?"]
[Date "2006.09.28"]
[Round "7.2"]
[White "Nisipeanu Liviu-Dieter"]
[Black "Markus Robert"]
[Result "1-0"]
[WhiteElo "2696"]
[BlackElo "2586"]
[PlyCount "99"]
[EventDate "2006.??.??"]
[Source "www.chesslib.no"]
[SourceDate "2004.05.04"]

1. e4 c5 2. c3 d5 3. exd5 Qxd5 4. d4 Nf6 5. Nf3 e6 6. Be3 cxd4 7. cxd4 Bb4+ 8. Nc3 O-O 9. Be2 Qa5 10. Qb3 Nc6 11. O-O Be7 12. a3 Rd8 13. Rfd1 Nd5 14. Nxd5 Qxd5 15. Qc2 Bf6 16. Bd3 Qh5 17. Be4 Ne7 18. Bf4 Nd5 19. Bc7 Re8 20. Ne5 Nxc7 21. Qxc7 Bd8 22. Qc3 f6 23. Nc4 Bc7 24. g3 Rb8 25. Rac1 Re7 26. Qb4 Qe8 27. Nd6 Qd8 28. Nxc8 Rxc8 29. d5 Rd7 30. Qb3 Qe7 31. dxe6 Rxd1+ 32. Rxd1 Rd8 33. Rd7 Rxd7 34. exd7+ Kh8 35. Qd3 Bd6 36. Qb5 Bc7 37. Bxb7 g6 38. Kg2 Kg7 39. Qd5 Bb6 40. Qd2 a5 41. h4 h5 42. Bf3 f5 43. Qd5 Qf6 44. Be2 Kf8 45. b4 axb4 46. axb4 Ke7 47. Bc4 Bd8 48. f4 Bb6 49. Kh3 Kd8 50. Qf7 1-0

[Event "Europa ch 2008"]
[Site "Plovdiv BUL"]
[Date "2008.05.02"]
[Round "11.3"]
[White "Tiviakov, Sergei"]
[Black "Sutovsky, Emil"]
[Result "1-0"]
[WhiteElo "2634"]
[BlackElo "2630"]
[PlyCount "117"]
[EventDate "2008.04.21"]
[Source "www.chesslib.no"]
[SourceDate "2004.05.04"]

1. e4 c5 2. c3 d5 3. exd5 Qxd5 4. d4 Nf6 5. Nf3 e6 6. Na3 Nc6 7. Be3 cxd4 8. Nb5 Qd8 9. Nbxd4 Nd5 10. Bg5 Qb6 11. Bc4 Nxd4 12. Nxd4 Bc5 13. Bxd5 Bxd4 14. O-O Bc5 15. Qe2 h6 16. Bf4 O-O 17. Bc4 Bd7 18. Rad1 Rad8 19. Rd3 Bc8 20. Rg3 Bd6 21. Qg4 g6 22. Bxh6 Bxg3 23. Qxg3 Qc5 24. Bxf8 Kxf8 25. Bb3 Kg7 26. Qf4 b6 27. Rd1 Rxd1+ 28. Bxd1 e5 29. Qd2 Be6 30. a3 Bd5 31. Bc2 Qc4 32. Bd3 Qc6 33. Qg5 e4 34. Qe5+ Kh7 35. Be2 Bc4 36. Bd1 f5 37. Qd4 Bf7 38. g3 Qe6 39. b3 g5 40. Qd2 Qf6 41. Qd4 Qe7 42. b4 f4 43. Bg4 e3 44. fxe3 fxe3 45. Kf1 b5 46. Ke1 Bc4 47. Qd7 Qxd7 48. Bxd7 Kg6 49. Bg4 Kf6 50. Be2 Bd5 51. Bxb5 Bf3 52. h4 gxh4 53. gxh4 Ke5 54. Be2 Be4 55. h5 Kf4 56. c4 Ke5 57. c5 Kd4 58. h6 Ke5 59. b5 1-0

[Event "Olimpiadi 2008 - open"]
[Site "Dresda GER"]
[Date "2008.11.19"]
[Round "6"]
[White "Tkachiev, V."]
[Black "Wojtaszek, R."]
[Result "1/2-1/2"]
[WhiteElo "2664"]
[BlackElo "2599"]
[PlyCount "99"]
[EventDate "2008.11.13"]
[Source "www.chesslib.no"]
[SourceDate "2004.05.04"]

1. e4 c5 2. c3 d5 3. exd5 Qxd5 4. Nf3 Nf6 5. d4 Bg4 6. Be2 e6 7. h3 Bh5 8. O-O Nc6 9. Be3 cxd4 10. cxd4 Be7 11. Nc3 Qd6 12. g4 Bg6 13. Ne5 Nd5 14. Nxd5 Qxd5 15. Nxg6 hxg6 16. Bf3 Qd6 17. Bg2 O-O 18. d5 exd5 19. Qxd5 Qb4 20. Qe4 Qa5 21. Rac1 Bf6 22. Qd5 Qxd5 23. Bxd5 Rfd8 24. Bxc6 bxc6 25. b3 Rd6 26. Rfd1 Rd5 27. Rd2 Rxd2 28. Bxd2 Rc8 29. Be3 a6 30. Rc4 Be7 31. Kg2 f6 32. Ra4 Ra8 33. Rc4 Rc8 34. Bc5 Bxc5 35. Rxc5 Kf7 36. Kf3 Ke6 37. Ra5 Ra8 38. h4 Kd6 39. b4 Kc7 40. h5 gxh5 41. gxh5 Kb6 42. Kg4 Rh8 43. f4 Rh6 44. a3 Rh8 45. Rc5 Rh6 46. a4 Rh8 47. Rc4 Rh6 48. Rc3 a5 49. bxa5+ Kxa5 50. f5 1/2-1/2

[Event "56th ch-RUS"]
[Site "Krasnoyarsk"]
[Date "2003.09.04"]
[Round "2"]
[White "Kornev, Alexei"]
[Black "Malakhov, Vladimir"]
[Result "1/2-1/2"]
[WhiteElo "2566"]
[BlackElo "2696"]
[PlyCount "173"]
[EventDate "2003.09.03"]
[Source "Roberto Alvarez"]
[SourceDate "2003.09.15"]

1. e4 c5 2. c3 d5 3. exd5 Qxd5 4. d4 Nf6 5. Nf3 e6 6. Be3 cxd4 7. cxd4 Nc6 8. a3 Be7 9. Nc3 Qd8 10. Bd3 O-O 11. Qc2 Bd7 12. O-O Rc8 13. Rad1 g6 14. Qd2 Nd5 15. Bh6 Re8 16. Ne4 Qb6 17. Bb1 Na5 18. Nc5 Nb3 19. Nxb3 Qxb3 20. Ne5 Red8 21. Rfe1 Be8 22. h3 Rc7 23. Rc1 Rdc8 24. Rxc7 Rxc7 25. Ng4 Qb6 26. Ba2 Rd7 27. Bg5 Bxg5 28. Qxg5 h5 29. Ne5 Qd8 30. Qg3 Rd6 31. Nc4 Rc6 32. Ne3 Nxe3 33. Qxe3 Rc2 34. Bb3 Rxb2 35. Qc3 Rxb3 36. Qxb3 Bc6 37. Qe3 Qd5 38. f3 a6 39. Qe5 Qd8 40. Kh2 Bd5 41. Rc1 Bc6 42. Kg3 Kh7 43. h4 Kg8 44. Rc3 Qb6 45. Kh2 Qd8 46. Kh3 Qb6 47. Rc4 Qb1 48. Kg3 Qd3 49. Qc5 Qd2 50. Rc1 Qa2 51. Qd6 Qd2 52. Qb8+ Kg7 53. Qf4 Qa2 54. Qe3 Kg8 55. Rc5 Qa1 56. Rc2 Qb1 57. Qc1 Qb3 58. Rc3 Qa2 59. Kh2 Qf2 60. Qf4 Qa2 61. Qb8+ Kg7 62. Qe5+ Kg8 63. Qf6 Qd2 64. Rc5 Qa2 65. Qd8+ Kg7 66. Qd6 Bxf3 67. Qg3 Bc6 68. Rxh5 Qxg2+ 69. Qxg2 Bxg2 70. Rc5 Bc6 71. Kg3 f6 72. Kf4 Kf7 73. Rc1 Ke7 74. Rg1 Be8 75. Rb1 b5 76. Rc1 a5 77. Rc8 a4 78. Ke3 Bd7 79. Rb8 Bc6 80. Kd3 Be8 81. Kc3 Bd7 82. Kb4 f5 83. Kc3 f4 84. Kd3 Bc6 85. Rc8 Bd5 86. Rb8 Bc6 87. Rc8 1/2-1/2

[Event "Madrid ESP"]
[Site "Madrid ESP"]
[Date "1994.??.??"]
[Round "5"]
[White "Polgar, Judit"]
[Black "Tiviakov, Sergei"]
[Result "1-0"]
[WhiteElo "2630"]
[BlackElo "2630"]
[PlyCount "54"]
[EventDate "1994.??.??"]
[Source "www.chesslib.no"]
[SourceDate "2004.05.04"]

1. e4 c5 2. c3 d5 3. exd5 Qxd5 4. d4 Nf6 5. Nf3 Nc6 6. Be2 cxd4 7. cxd4 e6 8. O-O Be7 9. Nc3 Qd6 10. Nb5 Qd8 11. Bf4 Nd5 12. Bg3 a6 13. Rc1 Nf6 14. h3 b6 15. a3 Bb7 16. Bd3 Rc8 17. Bb1 axb5 18. Qd3 Na5 19. Ne5 Nc4 20. Rc2 Nd6 21. f3 g6 22. Bf2 Bf8 23. Re2 Bg7 24. Rfe1 Nd5 25. Qd1 Qc7 26. Ng4 O-O 27. Be3 f6 1-0

[Event "1st Pfalz Open"]
[Site "Neustadt a.d. Weinstrasse GER"]
[Date "2008.02.23"]
[Round "9"]
[White "Berelovich, A."]
[Black "Tiviakov, S."]
[Result "1/2-1/2"]
[WhiteElo "2606"]
[BlackElo "2649"]
[PlyCount "76"]
[EventDate "2008.02.16"]
[Source "www.chesslib.no"]
[SourceDate "2004.05.04"]

1. e4 c5 2. c3 d5 3. exd5 Qxd5 4. d4 e6 5. Nf3 Nf6 6. Be3 cxd4 7. cxd4 Nc6 8. Nc3 Qd6 9. a3 g6 10. Qd2 Bg7 11. Bf4 Qd8 12. Bb5 Bd7 13. Ne5 Rc8 14. O-O O-O 15. Bg5 a6 16. Be2 Qc7 17. Rad1 Nd5 18. Nxd5 exd5 19. Nxc6 Bxc6 20. Bh6 Bxh6 21. Qxh6 Rfe8 22. Bf3 Re7 23. Rfe1 Rxe1+ 24. Rxe1 Qa5 25. Re7 Re8 26. Rxe8+ Bxe8 27. Qe3 Bd7 28. h4 h5 29. g3 Be6 30. Kg2 Qb5 31. Qc3 a5 32. Qd2 Bg4 33. Bxg4 hxg4 34. h5 gxh5 35. Qg5+ Kf8 36. Qd8+ Kg7 37. Qg5+ Kf8 38. Qd8+ Kg7 1/2-1/2

[Event "CRO-chT"]
[Site "Rabac"]
[Date "2003.09.07"]
[Round "1"]
[White "Pavasovic, Dusko"]
[Black "Movsesian, Sergei"]
[Result "1-0"]
[WhiteElo "2596"]
[BlackElo "2647"]
[PlyCount "110"]
[EventDate "2003.09.07"]
[Source "Roberto Alvarez"]
[SourceDate "2003.09.22"]

1. e4 c5 2. c3 d5 3. exd5 Qxd5 4. d4 g6 5. Nf3 Bg7 6. Na3 Nf6 7. Bc4 Qe4+ 8. Be3 O-O 9. O-O cxd4 10. Nxd4 Nc6 11. Re1 Qh4 12. Nxc6 bxc6 13. Qf3 Ng4 14. Bf4 Qf6 15. Rad1 h5 16. Bc7 Bf5 17. h3 Nh6 18. Qe3 Rfe8 19. Bf4 g5 20. Bxg5 Qg6 21. Qg3 e5 22. Bh4 Kh7 23. Bb3 a5 24. Ba4 Qe6 25. Bb3 Qg6 26. Qxg6+ Bxg6 27. Ba4 Re6 28. Nc4 Nf5 29. Bd8 e4 30. Bg5 Bf8 31. Rd8 Rxd8 32. Bxd8 e3 33. Nxe3 Bc5 34. Bg5 f6 35. Bb3 Re5 36. Bc2 Re8 37. Bxf6 a4 38. Bxf5 Bxf5 39. Bd4 Bd6 40. c4 Kg6 41. Bc3 Be6 42. g4 hxg4 43. hxg4 Bf7 44. Kg2 Bf4 45. Kf3 Bg5 46. a3 Re7 47. Nf5 Rxe1 48. Bxe1 Bxc4 49. Kg3 Bd3 50. f4 Bd8 51. Nh4+ Kh6 52. Bd2 Bc7 53. Bc3 Bc2 54. Nf5+ Kh7 55. Nd4 Be4 1-0

[Event "Deutschland 84/86"]
[Site "?"]
[Date "2002.??.??"]
[Round "?"]
[White "Rozentalis, E."]
[Black "Lutz, Ch"]
[Result "1/2-1/2"]
[WhiteElo "2598"]
[BlackElo "2643"]
[PlyCount "71"]
[EventDate "2002.??.??"]
[Source "Chess Informant"]
[SourceDate "2002.02.01"]

1. e4 c5 2. c3 d5 3. exd5 Qxd5 4. d4 Nf6 5. Nf3 Bg4 6. dxc5 Qxc5 7. Na3 a6 8. Be3 Qc7 9. Qa4+ Nc6 10. O-O-O e6 11. Nb5 Qb8 12. Nbd4 Qc7 13. Nxc6 Qxc6 14. Qxc6+ bxc6 15. Rd4 Bc5 16. Ra4 Bxe3+ 17. fxe3 Bxf3 18. gxf3 a5 19. e4 Nd7 20. Rg1 g6 21. Rg5 e5 22. Rc4 f6 23. Rg1 Ra6 24. Bh3 Ke7 25. Rd1 Rd8 26. Kc2 Nb8 27. Bf1 Rxd1 28. Kxd1 Nd7 29. Kc2 c5 30. Bh3 Rc6 31. Bxd7 Kxd7 32. Ra4 Ra6 33. Kd3 Rd6+ 34. Ke3 Ra6 35. b4 Kc6 36. bxc5 1/2-1/2

[Event "6. EICC"]
[Site "?"]
[Date "2005.06.19"]
[Round "2"]
[White "Nevednichy Vladislav"]
[Black "Krasenkow Michal"]
[Result "0-1"]
[WhiteElo "2566"]
[BlackElo "2672"]
[PlyCount "76"]
[EventDate "2005.??.??"]
[Source "www.chesslib.no"]
[SourceDate "2004.05.04"]

1. e4 c5 2. c3 d5 3. exd5 Qxd5 4. d4 e6 5. Nf3 Nf6 6. Na3 Nc6 7. Nb5 Qd8 8. dxc5 Bxc5 9. Qxd8+ Kxd8 10. b4 Bb6 11. Nd6 Ke7 12. Nc4 Ne4 13. Nxb6 axb6 14. Bb2 f6 15. Bd3 Nd6 16. O-O e5 17. a3 Be6 18. Nd2 Rhd8 19. Be2 Rd7 20. Rfe1 b5 21. h3 Kf7 22. Rad1 Rad8 23. Bf3 Ne7 24. Nf1 Nec8 25. Ne3 Nb6 26. Rd2 f5 27. c4 e4 28. Be2 Ndxc4 29. Rxd7+ Rxd7 30. Bc1 g6 31. g4 Ne5 32. gxf5 gxf5 33. Bb2 Nd3 34. Bxd3 exd3 35. Nf1 Bc4 36. Bc3 d2 37. Rd1 Rd3 38. Bxd2 Bd5 0-1

[Event "Bundesliga 9798"]
[Site "Germany"]
[Date "1997.??.??"]
[Round "?.1"]
[White "Rozentalis, Eduardas"]
[Black "Lutz, Christopher"]
[Result "1/2-1/2"]
[WhiteElo "2645"]
[BlackElo "2590"]
[PlyCount "104"]
[EventDate "1997.10.??"]
[Source "ChessBase"]
[SourceDate "1999.07.01"]

1. e4 c5 2. c3 d5 3. exd5 Qxd5 4. d4 Nf6 5. Be3 Bg4 6. f3 cxd4 7. cxd4 Bd7 8. Nc3 Qa5 9. Bc4 e6 10. Nge2 Be7 11. O-O O-O 12. Qd2 Nc6 13. Rad1 Rac8 14. a3 Qc7 15. Ba2 Na5 16. Qd3 Nc4 17. Bc1 b5 18. Rfe1 Rfe8 19. Kh1 Bf8 20. Ne4 Nxe4 21. fxe4 a6 22. e5 Bc6 23. Bb1 g6 24. Nf4 Nb6 25. Nh5 Nd5 26. Rf1 b4 27. Qg3 Bb5 28. Rfe1 f5 29. exf6 Qxg3 30. Nxg3 bxa3 31. Ne4 axb2 32. Bxb2 Bb4 33. Ba2 Bxe1 34. Nd6 Red8 35. Nxc8 Rxc8 36. Rxe1 Kf7 37. Ba3 Kxf6 38. Bc5 Bd3 39. Rd1 Bf5 40. Rf1 h5 41. h3 h4 42. Ra1 Bd3 43. Bxd5 exd5 44. Ra3 Bb5 45. Rf3+ Ke6 46. Re3+ Kf7 47. Rf3+ Kg8 48. Rf4 Bd3 49. Rxh4 Rb8 50. Rf4 Rb2 51. Kg1 Be4 52. Rf2 Rxf2 1/2-1/2

[Event "Dortmund"]
[Site "?"]
[Date "1993.??.??"]
[Round "?"]
[White "Lautier, J."]
[Black "Serper, G."]
[Result "1/2-1/2"]
[WhiteElo "2645"]
[BlackElo "2590"]
[PlyCount "89"]
[EventDate "1993.??.??"]
[Source "ChessBase"]
[SourceDate "1993.02.01"]

1. e4 c5 2. c3 d5 3. exd5 Qxd5 4. d4 Nf6 5. Nf3 Nc6 6. Be3 Ng4 7. Bd3 Nxe3 8. fxe3 e6 9. O-O Be7 10. Qc2 Qh5 11. Nbd2 O-O 12. Be4 Bd7 13. Nc4 Rad8 14. Nfe5 Nxe5 15. Nxe5 Bc8 16. Rf3 f5 17. Bd3 Bd6 18. Rh3 Qe8 19. Nc4 Bc7 20. a4 b6 21. dxc5 bxc5 22. e4 Qd7 23. Re1 Bb7 24. exf5 exf5 25. Ne5 Bxe5 26. Rxe5 Qc6 27. Rg3 Qd6 28. Re1 Kh8 29. Bxf5 Qd2 30. Qxd2 Rxd2 31. b4 cxb4 32. cxb4 Rd4 33. Rg4 Rd2 34. Rf1 Rfd8 35. Be4 h5 36. Rh4 Bxe4 37. Rxe4 Ra2 38. Re5 Rxa4 39. Rxh5+ Kg8 40. b5 a6 41. bxa6 Rxa6 42. Rg5 Rdd6 43. h3 Rf6 44. Rxf6 Rxf6 45. Kh2 1/2-1/2